América Latina 1960-2013 : fotos + textos /

Panorámica del último medio siglo de la fotografía latinoamericana, a través de la obra de una selección de sus protagonistas, agrupados en cinco ejes de análisis: territorio, ciudad, resistencia, memoria e identidad y revueltas. El libro es el catálogo de la exposición homónima, presentada en París...

Descrición completa

Gardado en:
Detalles Bibliográficos
Autor Corporativo: Fondation Cartier pour l'Art Contemporain (coord.)
Outros autores: Alonso Espinosa, Angeles (curaduría) (curaduría), Chandès, Hervé (curaduría) (curaduría), Fabry, Alexis (curaduría) (curaduría), Gaudefroy, Isabelle (curaduría) (curaduría), Sacramone, Leanne (curaduría) (curaduría), Shamoon, Ilana (curaduría) (curaduría), Compagnon, Olivier (texto) (texto), Ortega, Damián (fotógrafo) (fotógrafo)
Formato: Libro
Idioma:Lingua castelá
Publicado: París, Francia : Puebla, México : Fondation Cartier pour l'Art Contemporain ; Museo Amparo, 2014, c2014
Temas:
Etiquetas: Engadir etiqueta
Sen Etiquetas, Sexa o primeiro en etiquetar este rexistro!

MARC

LEADER 00000nam^a2200000^a^4500
001 000449909
005 20250521000000.0
009 20260526145359.232
020 |a 978-84-15118-74-9 
037 |a Acervo ITESO - Biblioteca 
041 |a ESP 
082 |a 770. 980  |b FON ALO 
110 |a Fondation Cartier pour l'Art Contemporain  |e (coord.) 
240 1 1 |a [América Latina: 1960-2013] 
245 1 0 |a América Latina  |b 1960-2013 : fotos + textos /  |c Coord. de la Fondation Cartier pour l'Art Contemporain ; curaduría de A. Alonso Espinosa, H. Chandès, A. Fabry, I. Gaudefroy, L. Sacramone, I. Shamon ; texto de O. Compagon ; fotógrafo D. Ortega... [et al.]. 
264 4 |a París, Francia :  |b Fondation Cartier pour l'Art Contemporain ;  |a Puebla, México :  |b Museo Amparo,  |c 2014, c2014 
300 |a 391 p. 
336 |a texto  |b txt  |2 rdacontenido 
337 |a sin mediación  |b n  |2 rdamedio 
338 |a volumen  |b nc  |2 rdasoporte 
520 |a Panorámica del último medio siglo de la fotografía latinoamericana, a través de la obra de una selección de sus protagonistas, agrupados en cinco ejes de análisis: territorio, ciudad, resistencia, memoria e identidad y revueltas. El libro es el catálogo de la exposición homónima, presentada en París de noviembre de 2013 a abril de 2014, en la sede de la Fondation Cartier pour l'Art Contemporain; y en el Museo Amparo de Puebla, entre mayo y septiembre de 2014. 
649 |a XX 
650 |a Fotógrafos Latinoamericanos 
650 |a Artistas Latinoamericanos 
650 |a Museos y Galerías -  |z París, Francia -  |x Exposiciones 
650 |a Museos y Galerías -  |z Puebla (Ciudad) -  |x Exposiciones 
650 |a Fotografía y Sociedad -  |z Latinoamérica -  |x Historia y Crítica 
650 |a Fotografía Latinoamericana -  |x Tema Principal 
650 |a Fotografía Latinoamericana -  |x Exposiciones 
650 |a Fotografía Latinoamericana -  |x Historia y Crítica 
650 |a Fotografía Latinoamericana -  |y Siglo XX 
650 |a Fotografía Latinoamericana -  |y Siglo XXI 
650 |a Arte y Sociedad -  |z Latinoamérica -  |x Historia y Crítica 
650 |a Arte Latinoamericano -  |x Exposiciones 
650 |a Arte Latinoamericano -  |x Historia y Crítica 
650 |a Arte Latinoamericano -  |y Siglo XX 
650 |a Arte Latinoamericano -  |y Siglo XXI 
650 |a Latinoamérica -  |x Fotografías -  |x Tema Principal 
650 |a Latinoamérica -  |x Descripción 
650 |a Latinoamérica -  |x Historia -  |y Siglo XX 
650 |a Latinoamérica -  |x Historia -  |y Siglo XXI 
700 |a Alonso Espinosa, Angeles  |e (curaduría) 
700 |a Chandès, Hervé  |e (curaduría) 
700 |a Fabry, Alexis  |e (curaduría) 
700 |a Gaudefroy, Isabelle  |e (curaduría) 
700 |a Sacramone, Leanne  |e (curaduría) 
700 |a Shamoon, Ilana  |e (curaduría) 
700 |a Compagnon, Olivier  |e (texto) 
700 |a Ortega, Damián  |e (fotógrafo) 
910 |a Fondo General 
920 |a Impresos - Libros 
930 |a Reserva Especial 
905 |a 103 
901 |a 0500368609  |b IT1  |c REE  |i C179575  |u 20250521 
902 |a https://opac.biblio.iteso.mx/vufind/Record/000449909